000 01336nam a2200361 c 4500
003 BLK
005 20180420214440.0
008 180412b bul|||||r ||||||| ||bul||
010 _aKNG00011028000
020 _a954-427-221-6
_bиздат.: Абагар
040 _aBLK
041 _aBUL
_cBUL
080 _aРелигии на хамитските народи
_b299.3
_x
_z299.3
100 1 _aХарт, Джордж
_eпърви автор
_9254621
700 1 _aСтойнешка, Иглика
_eпрев. от англ.
_9254622
139 _aХарт, Джордж
_bХ 29
245 1 0 _aЕгипетски митове
_cДжордж Харт; прев. от англ. Иглика Стойнешка.
257 _aGBR
260 В. Търново
_bАбагар
_c1995
300 _a104 с.
_bс ил., сх.
_c25 см
380 _a2
500 _aОриг. загл. Egyptian Myths / George Hart. - 2 500 тир.
650 4 _aМитове - Древен Египет
_9254623
650 4 _aЛегенди - Древен Египет
_9254624
651 4 _aДревен Египет
_9242280
653 _aмитове
653 _aлегенди
852 _aЦб 185694
856 4 _qpdf
_u
856 4 _qpdf
_u
942 _cKNG
_n0
_01
944 _aCR
_c15.01.2003
_lф /
_kЛюдмила_Стоянова
944 _aED
_c26.02.2016
_lф /
_kНора_Радева
999 _c9602
_d9602